000 00448cam a2200145 4500500
005 20260329011517.0
041 _afre
042 _adc
100 1 0 _aBarraco de Pinto, Marthe
_eauthor
245 0 0 _aHommage à Myriam David (1917-2004)
260 _c2005.
500 _a1
786 0 _nDialogue | 167 | 1 | 2005-03-01 | p. 121-124 | 0242-8962
856 4 1 _uhttps://shs.cairn.info/revue-dialogue-2005-1-page-121?lang=fr&redirect-ssocas=7080
999 _c1862370
_d1862370